000 00807nam a22002297a 4500
005 20241128125217.0
008 230530p sp gr|||| 00| 0 spa|d
020 _a9788490853269
050 0 4 _aTD178.7.E8
_bM66 2015
100 1 _aMondéjar Pedreño, Remedios
245 1 4 _aLos conflictos ambientales y su tratamiento a través de la mediación
_c / Remedios Mondéjar Pedreño.
250 _a1a ed.
260 _aMadrid :
_bDykinson,
_c2015
300 _a207 p. ;
_c22 cm.
490 0 _aPráctica de Mediación
500 _aIncluye páginas webs consultadas
504 _aIncluye bibliografía : p. 203-204 e índice
600 _c
650 0 _aContaminación ambiental
_xPrevención
_vInvestigación
_zEspaña
650 0 _aPolítica ambiental
_xCooperación internacional
942 _2lcc
_cLIB
999 _c113051
_d113051